Hindi sahitya: (Record no. 63378)

000 -LEADER
fixed length control field 00428nam a22001577a 4500
020 ## - INTERNATIONAL STANDARD BOOK NUMBER
International Standard Book Number 9788188571581
082 ## - DEWEY DECIMAL CLASSIFICATION NUMBER
Classification number H 891.43
Item number SHI/H
100 ## - MAIN ENTRY--PERSONAL NAME
Personal name Shiv Prasad Sukla
9 (RLIN) 6372
245 ## - TITLE STATEMENT
Title Hindi sahitya:
Remainder of title net/slet/
Statement of responsibility, etc. by Shiv Prasad Sukla
260 ## - PUBLICATION, DISTRIBUTION, ETC.
Place of publication, distribution, etc. Kanpur:
Name of publisher, distributor, etc. Chinthen Prakasan,
Date of publication, distribution, etc. 2012.
300 ## - PHYSICAL DESCRIPTION
Extent 399p.
650 ## - SUBJECT ADDED ENTRY--TOPICAL TERM
Topical term or geographic name entry element NET Hindi Literature
9 (RLIN) 6373
650 ## - SUBJECT ADDED ENTRY--TOPICAL TERM
Topical term or geographic name entry element Hindi Literature
9 (RLIN) 6374
650 ## - SUBJECT ADDED ENTRY--TOPICAL TERM
Topical term or geographic name entry element Literature
9 (RLIN) 6375
942 ## - ADDED ENTRY ELEMENTS (KOHA)
Koha item type Book
Holdings
Withdrawn status Lost status Damaged status Not for loan Permanent Location Current Location Shelving location Date acquired Cost, normal purchase price Total Checkouts Total Renewals Full call number Barcode Date last seen Date last checked out Price effective from Koha item type
        Sree Sankaracharya University of Sanskrit Sree Sankaracharya University of Sanskrit Stacks 09.11.2016 795.00 13 1 H 891.43 SHI/H 082578 12.01.2023 22.01.2020 09.11.2016 Book